| 000 | 00438nam a2200157 i 4500 | ||
|---|---|---|---|
| 001 | bg | ||
| 100 | 1 |
_aJakubowski, Ryszard _d(1932- ). |
|
| 245 | 0 |
_aSyntaktyczny opis kształtu obrotowych części maszyn / _cR. Jakubowski, A. Kasprzak, A. Szelc. |
|
| 260 |
_aWarszawa, _c1979. |
||
| 700 | 1 | _aKasprzak, Andrzej. | |
| 700 | 1 | _aSzelc, Adam. | |
| 040 | _cBPK | ||
| 041 | _apol | ||
| 942 | _cKS | ||
| 008 | s pl f |000 0 pol | ||
| 999 |
_c18620 _d18620 |
||
| 856 |
_uhttp://koha.tu.koszalin.pl/cgi-bin/koha/opac-detail.pl?biblionumber=18620 _yKatalog online BPK |
||